Giáo trình nhãn khoa
Sách trình bày về giải phẫu học và sinh lý mắt; các biện pháp khám lâm sàng, phòng chống, điều trị các bệnh về mắt và các chấn thương mắt. Sau mỗi bài giảng còn có các câu hỏi trắc nghiệm
Uloženo v:
| Hlavní autor: | |
|---|---|
| Médium: | Kniha |
| Jazyk: | Undetermined |
| Vydáno: |
Hà Nội
Giáo Dục
1997
|
| Témata: | |
| Tagy: |
Přidat tag
Žádné tagy, Buďte první, kdo otaguje tento záznam!
|
| Thư viện lưu trữ: | Trung tâm Học liệu Trường Đại học Cần Thơ |
|---|
| LEADER | 00896nam a2200205Ia 4500 | ||
|---|---|---|---|
| 001 | CTU_22985 | ||
| 008 | 210402s9999 xx 000 0 und d | ||
| 020 | |b (45.500đ)26.400đ (lần 2) | ||
| 082 | |a 617.71 | ||
| 082 | |b B450 | ||
| 100 | |a Trường ĐH Y Dược Tp. HCM. | ||
| 245 | 0 | |a Giáo trình nhãn khoa | |
| 245 | 0 | |c Trường ĐH Y Dược Tp. HCM. | |
| 260 | |a Hà Nội | ||
| 260 | |b Giáo Dục | ||
| 260 | |c 1997 | ||
| 520 | |a Sách trình bày về giải phẫu học và sinh lý mắt; các biện pháp khám lâm sàng, phòng chống, điều trị các bệnh về mắt và các chấn thương mắt. Sau mỗi bài giảng còn có các câu hỏi trắc nghiệm | ||
| 650 | |a eye - diseases,ophthalmonology | ||
| 904 | |i Minh, 980710 | ||
| 980 | |a Trung tâm Học liệu Trường Đại học Cần Thơ | ||